000 00415nam a2200169Ia 4500
003 OSt
005 20240313121150.0
008 170619s9999 xx 000 0 und d
020 _a9788122415223
040 _cIIMT ENGINEERING COLLEGE
100 _aKHOTHARI C.R.
245 0 _aResearch Methodology : Methods & Techniques
260 _bNew Delhi : PHI
260 _c2013
546 _aENGLISH
942 _2ddc
_c02
999 _c21670
_d21670